Engineering mechanics, vol. 2 : dynamics

Bibliographic Details
Main Authors: Meriam, J. L. [ (James L.)] (Author), Kraige, L. G. [ (L. Glenn)] (Author), Palm, William J. [ (William John)] , 1944- (Author)
Format: Book
Published: Hoboken, N.J. : John Wiley , c2003
Edition:5th ed. SI version
Subjects:

MARC

LEADER 00000cam a2200000 7i4500
001 0000045921
005 20060911093000.0
008 030813s2003
020 |a 047126606X 
090 0 0 |a TA350   |b .M458 2003 j2 
100 0 |a Meriam, J. L. [  |q (James L.)] ,   |e author 
245 1 0 |a Engineering mechanics, vol. 2 :   |b dynamics   |c J. L. Meriam, L. G. Kraige   |f with special contributions by Willliam J. Palm III 
250 |a 5th ed. SI version 
260 2 |a Hoboken, N.J. :   |b John Wiley ,   |c c2003 
300 |a xxi, 710 p. :   |b ill. ;   |c 26 cm. 
504 |a Includes index 
650 0 |a Mechanics, Applied 
700 1 |a Kraige, L. G. [  |q (L. Glenn)] ,   |e author 
700 1 |a Palm, William J. [  |q (William John)] ,   |d 1944- ,   |e author 
999 |a 1000096209   |b Book   |c OPEN SHELF (30 DAYS)   |e Gong Badak Campus